[Event "Helsinki We Garde 3rd"]
[Site "Helsinki"]
[Date "2013.03.03"]
[Round "5"]
[White "Sipila, Markku"]
[Black "Poltoratsky, Daniil"]
[Result "1/2-1/2"]
[WhiteElo "2011"]
[BlackElo "2090"]
[PlyCount "124"]
[EventDate "2013.03.01"]
[EventType "swiss"]
[EventRounds "5"]
[EventCountry "FIN"]
[SourceTitle "EXT 2022"]
[Source "ChessBase"]
[SourceDate "2021.10.06"]
[SourceVersion "1"]
[SourceVersionDate "2021.10.06"]
[SourceQuality "1"]

1. Nf3 Nc6 2. d4 d5 3. g3 Bf5 4. Bg2 e6 5. 0-0 Nf6 6. Bf4 h6 7. c4 Bd6 8. Ne5 g5 9. cxd5 Nb4 10. Qa4+ Ke7 11. Bd2 Nbxd5 12. f3 Bxb1 13. Raxb1 Nb6 14. Qc2 c5 15. f4 gxf4 16. Bxf4 Nbd5 17. dxc5 Bxe5 18. Bxe5 Ng4 19. Bxh8 Qxh8 20. Qe4 Nge3 21. Rf3 f5 22. Qd3 Qe5 23. Rxe3 Nxe3 24. Qc3 Qxc3 25. bxc3 Nxg2 26. Rxb7+ Kf6 27. Kxg2 Rc8 28. Rxa7 Rxc5 29. Ra3 e5 30. Kf3 Kg5 31. h3 h5 32. h4+ Kf6 33. Ke3 Rc4 34. Ra6+ Kg7 35. Kd2 f4 36. gxf4 Rxf4 37. Re6 Rxh4 38. Rxe5 Kf6 39. Ra5 Rh1 40. a4 h4 41. Ra6+ Kg7 42. Rc6 h3 43. Rc4 Kg6 44. a5 Kg5 45. Rc8 Kg4 46. Rg8+ Kf4 47. Rh8 Kg3 48. Rg8+ Kf2 49. Rf8+ Kg2 50. Rg8+ Kh2 51. c4 Rg1 52. Rh8 Rg6 53. Kc3 Kg2 54. Kb4 h2 55. Kb5 Rg3 56. Rxh2+ Kxh2 57. a6 Rb3+ 58. Kc6 Ra3 59. Kb6 Rb3+ 60. Ka5 Kg3 61. a7 Kf4 62. Ka6 Ke5 1/2-1/2

[Event "Helsinki We Garde 3rd"]
[Site "Helsinki"]
[Date "2013.03.01"]
[Round "1"]
[White "Tiilikainen, Mikko"]
[Black "Poltoratsky, Daniil"]
[Result "1/2-1/2"]
[WhiteElo "1955"]
[BlackElo "2090"]
[PlyCount "86"]
[EventDate "2013.03.01"]
[EventType "swiss"]
[EventRounds "5"]
[EventCountry "FIN"]
[SourceTitle "EXT 2022"]
[Source "ChessBase"]
[SourceDate "2021.10.06"]
[SourceVersion "1"]
[SourceVersionDate "2021.10.06"]
[SourceQuality "1"]

1. d4 e5 2. dxe5 Nc6 3. Nf3 Qe7 4. Bg5 Qb4+ 5. Nc3 Qxb2 6. Nd5 Bb4+ 7. Nxb4 Nxb4 8. Rc1 h6 9. Bd2 Ne7 10. e4 0-0 11. Bc4 b5 12. Bb3 Nbc6 13. Rb1 Qa3 14. 0-0 Ng6 15. Qe2 Rb8 16. Qe3 Qe7 17. Bc3 Rb6 18. Nd4 Ngxe5 19. Nf5 Qd8 20. Qg3 g6 21. Nxh6+ Kh7 22. Ng4 Nxg4 23. Qxg4 d5 24. Qf4 g5 25. Qf3 g4 26. Qf4 dxe4 27. Bf6 Nd4 28. Qxe4+ Bf5 29. Qxd4 Qxf6 30. Rbd1 Qg6 31. Qc5 Rd6 32. Rxd6 cxd6 33. Qxb5 Kg7 34. Qd5 Re8 35. Rd1 Re5 36. Qd4 a5 37. Re1 Be4 38. Rd1 Bf3 39. Re1 Be4 40. Rd1 Bf3 41. Re1 Be4 42. Rd1 Bc6 43. Re1 Be4 1/2-1/2

[Event "St Petersburg Botvinnik Memorial op"]
[Site "St Petersburg"]
[Date "2012.08.28"]
[Round "4"]
[White "Kamnev, Alexander"]
[Black "Poltoratsky, Daniil"]
[Result "0-1"]
[WhiteElo "1890"]
[BlackElo "2109"]
[PlyCount "84"]
[EventDate "2012.08.25"]
[EventType "swiss"]
[EventRounds "9"]
[EventCountry "RUS"]
[SourceTitle "CBM 150 Extra"]
[Source "ChessBase"]
[SourceDate "2012.10.19"]
[SourceVersion "1"]
[SourceVersionDate "2012.10.19"]
[SourceQuality "1"]

1. e4 d5 2. exd5 Nf6 3. d4 c6 4. Nc3 cxd5 5. Nf3 Bg4 6. h3 Bh5 7. Bf4 Nc6 8. Be2 e6 9. Ne5 Bxe2 10. Nxe2 Ne4 11. 0-0 Nxe5 12. Bxe5 Bd6 13. f3 Nf6 14. Kh1 Qc7 15. f4 Ne4 16. Qd3 0-0 17. Bxd6 Qxd6 18. f5 Qd7 19. g4 Qe7 20. c4 Qh4 21. Kg2 h5 22. cxd5 exd5 23. Rf4 Rfe8 24. Raf1 Ng5 25. gxh5 Qxh5 26. Rg4 Nxh3 27. Kg3 Ng5 28. Nf4 Ne4+ 29. Kf3 Qxf5 30. Rfg1 g6 31. Qb5 Nf6 32. Rxg6+ fxg6 33. Rxg6+ Kh8 34. Qxb7 Qe4+ 35. Kg3 Nh5+ 36. Kg4 Qxf4+ 37. Kxh5 Qh2+ 38. Kg5 Qg3+ 39. Kh5 Qh3+ 40. Kg5 Rg8 41. Qxd5 Qg3+ 42. Kf5 Qxg6+ 0-1

[Event "St Petersburg Botvinnik Memorial op"]
[Site "St Petersburg"]
[Date "2012.08.27"]
[Round "3"]
[White "Poltoratsky, Daniil"]
[Black "Myshkin, Nikita"]
[Result "0-1"]
[WhiteElo "2109"]
[BlackElo "2299"]
[PlyCount "90"]
[EventDate "2012.08.25"]
[EventType "swiss"]
[EventRounds "9"]
[EventCountry "RUS"]
[SourceTitle "CBM 150 Extra"]
[Source "ChessBase"]
[SourceDate "2012.10.19"]
[SourceVersion "1"]
[SourceVersionDate "2012.10.19"]
[SourceQuality "1"]

1. d4 Nf6 2. Nf3 e6 3. Bg5 c5 4. c3 cxd4 5. Nxd4 d5 6. e3 Nc6 7. Nd2 Be7 8. f4 h6 9. Bxf6 Bxf6 10. Bd3 e5 11. fxe5 Nxe5 12. N2f3 0-0 13. Nxe5 Bxe5 14. Qh5 Qg5 15. Qxg5 hxg5 16. 0-0-0 Re8 17. Bb5 Re7 18. Nf3 Bf6 19. Rxd5 Be6 20. Rd6 g4 21. Nd2 Bxa2 22. Bc4 Bxc4 23. Nxc4 Re4 24. Na5 b6 25. Nc6 Rxe3 26. Kc2 Re2+ 27. Rd2 Rae8 28. Nd4 Bxd4 29. cxd4 f5 30. Rf1 g6 31. b4 Rc8+ 32. Kd3 Rxd2+ 33. Kxd2 Rc4 34. Kd3 Rxb4 35. Re1 Kf7 36. Kc3 a5 37. d5 Re4 38. Rb1 Rb4 39. Re1 b5 40. g3 Rc4+ 41. Kd3 a4 42. Rb1 a3 43. Rxb5 Ra4 44. Rb1 a2 45. Ra1 Ke7 0-1

[Event "Berdsk Maestro op 13th"]
[Site "Berdsk"]
[Date "2007.07.16"]
[Round "9"]
[White "Stavskaya, Olga"]
[Black "Poltoratsky, Daniil"]
[Result "1/2-1/2"]
[WhiteElo "1985"]
[BlackElo "2172"]
[PlyCount "30"]
[EventDate "2007.07.08"]
[EventType "swiss"]
[EventRounds "9"]
[EventCountry "RUS"]
[SourceTitle "EXT 2022"]
[Source "ChessBase"]
[SourceDate "2021.10.06"]
[SourceVersion "1"]
[SourceVersionDate "2021.10.06"]
[SourceQuality "1"]

1. Nf3 d5 2. d4 c5 3. c3 e6 4. g3 Nc6 5. Bg2 Nf6 6. 0-0 Bd6 7. Nbd2 0-0 8. Re1 cxd4 9. cxd4 h6 10. a3 Bd7 11. e3 Rc8 12. b3 a5 13. Bb2 b5 14. Ne5 b4 15. a4 Qb6 1/2-1/2

[Event "Berdsk Maestro op 13th"]
[Site "Berdsk"]
[Date "2007.07.13"]
[Round "6"]
[White "Poltoratsky, Daniil"]
[Black "Tsepennikova, Tatyana"]
[Result "0-1"]
[WhiteElo "2172"]
[BlackElo "2104"]
[PlyCount "70"]
[EventDate "2007.07.08"]
[EventType "swiss"]
[EventRounds "9"]
[EventCountry "RUS"]
[SourceTitle "EXT 2022"]
[Source "ChessBase"]
[SourceDate "2021.10.06"]
[SourceVersion "1"]
[SourceVersionDate "2021.10.06"]
[SourceQuality "1"]

1. d4 g6 2. e4 e6 3. Nf3 Bg7 4. h3 c5 5. dxc5 Qa5+ 6. Bd2 Qxc5 7. Bc3 Nf6 8. Bd3 Nc6 9. a3 d6 10. b4 Qb6 11. 0-0 0-0 12. Nbd2 h6 13. Nb3 Rd8 14. Bb2 Qc7 15. c4 b6 16. Qc2 Bb7 17. Rac1 Rac8 18. Rfe1 a5 19. e5 dxe5 20. Nxe5 Nxe5 21. Bxe5 Qc6 22. f3 Qd7 23. Rcd1 a4 24. Nc1 Qc6 25. Bxf6 Bxf6 26. Be4 Qc7 27. Qxa4 Bd4+ 28. Kh1 Bf2 29. Rxd8+ Rxd8 30. Re2 Qxc4 31. Rxf2 Qxc1+ 32. Kh2 Rd1 33. Qe8+ Kg7 34. Qe7 Rh1+ 35. Kg3 g5 0-1

[Event "Berdsk Maestro op 13th"]
[Site "Berdsk"]
[Date "2007.07.11"]
[Round "4"]
[White "Poltoratsky, Daniil"]
[Black "Tsyganenko, Leonid"]
[Result "1-0"]
[WhiteElo "2172"]
[BlackElo "1927"]
[PlyCount "59"]
[EventDate "2007.07.08"]
[EventType "swiss"]
[EventRounds "9"]
[EventCountry "RUS"]
[SourceTitle "EXT 2022"]
[Source "ChessBase"]
[SourceDate "2021.10.06"]
[SourceVersion "1"]
[SourceVersionDate "2021.10.06"]
[SourceQuality "1"]

1. d4 Nf6 2. Bg5 e6 3. e3 Be7 4. Bd3 d5 5. Bxf6 Bxf6 6. c3 Nd7 7. Nf3 c5 8. Nbd2 0-0 9. h4 c4 10. Bc2 Re8 11. g4 g6 12. g5 Bg7 13. h5 Nf8 14. hxg6 fxg6 15. Qe2 e5 16. dxe5 Bxe5 17. 0-0-0 Qc7 18. Rh4 b5 19. Nxe5 Qxe5 20. Nf3 Qe6 21. Nd4 Qd7 22. Rdh1 Re7 23. f4 Qe8 24. Kd2 a5 25. f5 b4 26. Qf3 Bb7 27. Rh6 Ra6 28. f6 Re4 29. Qh3 Bc8 30. Rxh7 1-0

[Event "Naukograd Koltsovo op"]
[Site "Koltsovo"]
[Date "2007.??.??"]
[Round "2"]
[White "Poltoratsky, Daniil"]
[Black "Dergilev, Igor"]
[Result "1-0"]
[WhiteElo "2172"]
[BlackElo "2275"]
[PlyCount "115"]
[EventDate "2007.06.11"]
[EventType "swiss"]
[EventRounds "9"]
[EventCountry "RUS"]
[SourceTitle "EXT 2022"]
[Source "ChessBase"]
[SourceDate "2021.10.06"]
[SourceVersion "1"]
[SourceVersionDate "2021.10.06"]
[SourceQuality "1"]

1. d4 d5 2. Bg5 c6 3. e3 Qb6 4. b3 h6 5. Bh4 e5 6. c3 Nd7 7. Bg3 Bd6 8. Nf3 Qc7 9. dxe5 Nxe5 10. Nxe5 Bxe5 11. Bxe5 Qxe5 12. Qd4 f6 13. Nd2 Ne7 14. Nf3 Qxd4 15. Nxd4 Bd7 16. 0-0-0 0-0 17. c4 c5 18. Nf3 Be6 19. cxd5 Bxd5 20. Rxd5 Nxd5 21. Bc4 Rad8 22. Rd1 b5 23. Bxd5+ Kh8 24. Be4 g6 25. Bc6 Rxd1+ 26. Kxd1 Rb8 27. Nd2 Rb6 28. Be4 f5 29. Bd3 a6 30. Kc2 Kg7 31. e4 fxe4 32. Nxe4 Rc6 33. Kc3 g5 34. a4 c4 35. axb5 axb5 36. bxc4 bxc4 37. Bxc4 Rc8 38. Kd4 Rb8 39. Ke5 Rb2 40. h3 Rc2 41. Be6 Rb2 42. g3 Rb5+ 43. Bd5 Rb2 44. f4 Rh2 45. Be6 gxf4 46. gxf4 Rh1 47. f5 Kf8 48. f6 Re1 49. Kf5 Rg1 50. h4 Ke8 51. Nc5 h5 52. Nd7 Rf1+ 53. Kg6 Rf2 54. f7+ Ke7 55. f8Q+ Rxf8 56. Nxf8 Kxf8 57. Bf7 Ke7 58. Kg7 1-0

[Event "Naukograd Koltsovo op"]
[Site "Koltsovo"]
[Date "2007.??.??"]
[Round "3"]
[White "Poltoratsky, Daniil"]
[Black "Novikova, Anna"]
[Result "0-1"]
[WhiteElo "2172"]
[BlackElo "2272"]
[PlyCount "70"]
[EventDate "2007.06.11"]
[EventType "swiss"]
[EventRounds "9"]
[EventCountry "RUS"]
[SourceTitle "EXT 2022"]
[Source "ChessBase"]
[SourceDate "2021.10.06"]
[SourceVersion "1"]
[SourceVersionDate "2021.10.06"]
[SourceQuality "1"]

1. d4 e6 2. Nf3 d5 3. Bf4 Bd6 4. Bxd6 Qxd6 5. c3 Nd7 6. Nbd2 Ngf6 7. e3 0-0 8. Bd3 e5 9. dxe5 Nxe5 10. Nxe5 Qxe5 11. Nf3 Qe7 12. Qc2 c5 13. 0-0-0 Re8 14. h3 Rb8 15. g4 b5 16. g5 Ne4 17. Bxe4 dxe4 18. Nd2 Bb7 19. h4 Rbd8 20. Rdg1 Rd3 21. h5 Red8 22. Nb3 Bd5 23. g6 fxg6 24. hxg6 h6 25. Rd1 a5 26. Nxa5 c4 27. Kb1 b4 28. Rhg1 Ra8 29. Qa4 bxc3 30. Qb5 Qd8 31. Nxc4 Rb8 32. Qa4 Qc7 33. Na3 Rxb2+ 34. Kc1 Qb8 35. Qa5 Rb1+ 0-1